| 000 | 00393 a2200145 4500 | ||
|---|---|---|---|
| 020 | _a 8121900948 | ||
| 040 | _aDLC | ||
| 082 | _a621.381 | ||
| 100 | _aTheraja, B. L. | ||
| 245 |
_aBasic Electronics: Soild State _cB. L. Theraja |
||
| 260 |
_aNew Delhi : _b S Chand & Company Ltd., _c 1998. |
||
| 300 |
_axvii, 636 p. : _bill. ; _c24 cm. |
||
| 650 | _a Electronics | ||
| 942 |
_cBK _k621.381 THE _2ddc |
||
| 999 |
_c8074 _d8074 |
||